LEADER 00993nam a2200253 i 4500 001 991001739629707536 008 120604s2006 enka b 001 0 eng d 020 $a9781845930400 020 $a1845930401 035 $ab14062124-39ule_inst 040 $aDip.to Lingue$bita 100 1 $aDecrop, Alain$0477110 245 10$aVacation decision making /$cAlain Decrop 260 $aWallingford, UK ;$aCambridge, MA :$bCABI Pub.,$cc2006 300 $axxiii, 226 p. :$bill. ;$c24 cm 504 $aContiene riferimenti bibliografici ed indice 650 4$aTurismo$xProcesso decisionale 856 41$3Table of contents$uhttp://www.loc.gov/catdir/toc/ecip0514/2005016928.html$zIndice 907 $a.b14062124$b28-01-14$c04-06-12 912 $a991001739629707536 945 $aLE012 338.479 1 DEC$g1$i2012000441743$lle012$o-$pE0.00$q-$rl$s- $t0$u1$v0$w1$x0$y.i15417335$z04-06-12 996 $aVacation decision making$9239163 997 $aUNISALENTO 998 $ale012$b04-06-12$cm$da $e-$feng$genk$h0$i0 LEADER 01802nam 2200541 450 001 9910520066103321 005 20231110232912.0 010 $a9783030725150$b(electronic bk.) 010 $z9783030725143 035 $a(MiAaPQ)EBC6840745 035 $a(Au-PeEL)EBL6840745 035 $a(CKB)20462495900041 035 $a(OCoLC)1291317522 035 $a(PPN)269153888 035 $a(EXLCZ)9920462495900041 100 $a20220909d2022 uy 0 101 0 $aeng 135 $aurcnu|||||||| 181 $ctxt$2rdacontent 182 $cc$2rdamedia 183 $acr$2rdacarrier 200 10$aStochastic processes in cell biology$hVolume 1 /$fPaul C. Bressloff 205 $a2nd ed. 210 1$aCham, Switzerland :$cSpringer International Publishing,$d[2022] 210 4$d©2022 215 $a1 online resource (773 pages) 225 1 $aInterdisciplinary Applied Mathematics ;$vv.41 311 08$aPrint version: Bressloff, Paul C. Stochastic Processes in Cell Biology Cham : Springer International Publishing AG,c2022 9783030725143 410 0$aInterdisciplinary Applied Mathematics 606 $aCytology$xMathematical models 606 $aCytology$xMethodology 606 $aBiologia computacional$2thub 606 $aBiologia molecular$2thub 606 $aProcessos estocàstics$2thub 608 $aLlibres electrònics$2thub 615 0$aCytology$xMathematical models. 615 0$aCytology$xMethodology. 615 7$aBiologia computacional 615 7$aBiologia molecular 615 7$aProcessos estocàstics 676 $a571.6 700 $aBressloff$b Paul C.$0721730 801 0$bMiAaPQ 801 1$bMiAaPQ 801 2$bMiAaPQ 912 $a9910520066103321 996 $aStochastic processes in cell biology$91409849 997 $aUNINA LEADER 04282nam 2200733Ia 450 001 9910780152403321 005 20230810174424.0 010 $a1-280-82787-4 010 $a9786610827879 010 $a1-85359-678-7 024 7 $a10.21832/9781853596780 035 $a(CKB)111056487000866 035 $a(OCoLC)614957801 035 $a(CaPaEBR)ebrary10170600 035 $a(SSID)ssj0000158380 035 $a(PQKBManifestationID)12010829 035 $a(PQKBTitleCode)TC0000158380 035 $a(PQKBWorkID)10146395 035 $a(PQKB)10918173 035 $a(MiAaPQ)EBC3007733 035 $a(DE-B1597)514115 035 $a(OCoLC)1078916742 035 $a(DE-B1597)9781853596780 035 $a(Au-PeEL)EBL3007733 035 $a(CaPaEBR)ebr10170600 035 $a(CaONFJC)MIL82787 035 $a(OCoLC)51909117 035 $a(EXLCZ)99111056487000866 100 $a20070902d2000 uy 0 101 0 $aeng 135 $aurcn||||||||| 181 $ctxt$2rdacontent 182 $cc$2rdamedia 183 $acr$2rdacarrier 200 00$aFrench, an accommodating language? =$ele franc?ais, langue d'accueil? /$fedited by Sue Wright 210 1$aClevedon ;$aBuffalo :$cMultilingual Matters,$d2000. 210 4$a©2000 215 $a1 online resource (v, 134 pages) 225 0 $aCurrent Issues in Language and Society Monographs 300 $aAlso available as vol. 6, no. 3 & 4 of the journal, Current issues in language and society. 311 0 $a1-85359-504-7 320 $aIncludes bibliographical references. 327 $tFront matter --$tContents --$tPreface --$tPréface --$tLe français, langue d?accueil : chronologie, typologie et dynamique --$tFrench ? An Accommodating Language: The Chronology, Typology and Dynamics of Borrowing --$tLa métaphore de l?emprunt: implications pour une théorie de l?évolution des langues. Réponse à Henriette Walter --$tThe Metaphor of Borrowing: Implications for a Theory of Language Evolution. A Response to Henriette Walter --$tLe dérèglement du système de pensée français: l?angoisse secrète des puristes ? Réponse à Henriette Walter --$tIs it the Corruption of French Thought Processes that Purists Fear? A Response to Henriette Walter --$tLa dimension politique de l?emprunt et la réaction française. Réponse à Henriette Walter --$tThe Political Dimension of Borrowings and French Reactions. A Response to Henriette Walter --$tLe français, langue d?accueil ou langue sur la défensive? Réponse à Henriette Walter (in translation) --$tIs French Really Open to Outside Influences? A Response to Henriette Walter --$tItinéraires étymologiques. Quelques mots en supplément --$tEtymological Routes: Some Supplementary Remarks --$tLa réforme de l?orthographe en France et en Allemagne: attitudes et réactions --$tSpelling Reform in France and Germany: Attitudes and Reactions --$tLe français de Belgique filerait-il à l?anglaise ? --$tIs French in Belgium More Susceptible to English Influence? --$tBook Review 330 $aThe noted linguist Henriette Walter is a well known media figure in France, who has used her extensive range of scholarly work to take a stance in the current debate on the French language and to debunk the idea that the language is under threat. She shows that French has always been an accommodating language - une langue d'accueil - taking in words from many different sources. This bilingual volume makes Mme Walter's approach accessible to English speakers and provides reactions to it from a number of scholars working in British universities. 606 $aFrench language$xForeign words and phrases 606 $aRomance languages 610 $aFrench language. 610 $aHenriette Walter. 610 $aLe francais. 610 $abilingualism. 610 $alanguage planning. 610 $alanguage policy. 610 $alanguage threat. 615 0$aFrench language$xForeign words and phrases. 615 0$aRomance languages. 676 $a442/.4 701 $aWright$b Sue$f1947-$0144533 801 0$bMiAaPQ 801 1$bMiAaPQ 801 2$bMiAaPQ 906 $aBOOK 912 $a9910780152403321 996 $aFrench, an accommodating language?$93781705 997 $aUNINA